000
00311nam a2200133Ia 4500
005
20251222154333.0
008
251222s9999||||xx |||||||||||||| ||spa||
020
_a
8497894731
082
_a
863.3/T56
100
_a
Timoneda, Joan de
245
0
_a
El PatraƱuelo
264
_b
Biblioteca El Mundo
942
_c
LIB
999
_c
34235
_d
34235